| 000 | 06817cam a22019334i 4500 | ||
|---|---|---|---|
| 001 | u154016 | ||
| 003 | PE-LiUPU | ||
| 005 | 20250813165325.0 | ||
| 008 | 150812s2014 sp a r 000 0 spa d | ||
| 020 | _a841545208X | ||
| 020 | _a9788415452089 | ||
| 035 | _a(Sirsi) i9788415452089 | ||
| 040 |
_aPE-LiUPU _bspa _cPE-LiUPU _erda |
||
| 049 | _aPRUA | ||
| 080 | _a657(083.74) | ||
| 082 |
_a657.028 _bP95 2014 |
||
| 100 | 1 |
_aPulido Álvárez, Antonio, _eautor. |
|
| 245 | 1 | 4 |
_aLas normas internacionales de información financiera (NIC/NIIF) : _buna visión actual / _cAntonio Pulido Álvarez, con la colaboración de Carlos Mallo. |
| 250 | _a1a edición. | ||
| 264 | 1 |
_a[Madrid] : _bGarceta, _c2014. |
|
| 300 |
_axxi, 363 páginas : _bilustraciones ; _c24 centímetros |
||
| 336 |
_atext _2rdacontent |
||
| 337 |
_aunmediated _2rdamedia |
||
| 338 |
_avolume _2rdacarrier |
||
| 500 | _a"Contiene comentarios y ejemplos que facilitan la interpretación de la normativa contable internacional emitida hasta julio de 2013." | ||
| 505 | 0 | _aOrganización del IASB -- El marco conceptual -- El marco conceptual. Situación actual -- Normas relacionadas con operaciones de elementos patrimoniales activos, pasivos y con los resultados del ejercicio -- Inmovilizaciones materiales e inversiones inmobiliarias. Gastos financieros -- Deterioro del valor de los activos -- Activos intangibles -- Activos intangibles generados internamente. Gastos de investigación y desarrollo (I+D) -- Inmovilizados mantenidos para la venta y operaciones interrumpidas -- Arrendamientos -- Instrumentos financieros -- Existencias y contratos de construcción -- Planes de pensiones y otras prestaciones a empleados -- Remuneraciones y pagos basados en acciones -- Subvenciones oficiales -- Provisiones, activos y pasivos contingentes -- Tratamiento contable de los ingresos -- El valor razonable -- Metodología para el cálculo del valor razonable -- El tratamiento del Impuesto sobre beneficios -- El impuesto sobre beneficios. Activos y pasivos por impuestos diferidos -- Los grupos de empresas. Combinaciones de negocios y consolidación de la información financiera -- Combinaciones de negocios. Fondo de comercio individual -- Estados financieros consolidados. Fondo de comercio de consolidación -- Las inversiones en asociadas y negocios conjuntos -- Los estados financieros. Su preparación y presentación -- Normas para la preparación de los estados financieros -- El Estado de flujos de efectivo -- Hechos posteriores al cierre del ejercicio -- Tratamiento de cambios en políticas contables y errores de ejercicios anteriores -- Información financiera por segmentos -- Ganancias por acción. | |
| 526 | _aP203 | ||
| 526 | _aP200 | ||
| 526 | _aSEG65 | ||
| 526 | _aSEG64 | ||
| 526 | _aSEG63 | ||
| 526 | _aSEG62 | ||
| 526 | _aSEG61 | ||
| 526 | _aSEG60 | ||
| 526 | _aSEG59 | ||
| 526 | _aSEG58 | ||
| 526 | _aSEG57 | ||
| 526 | _aSEG56 | ||
| 526 | _aSEG55 | ||
| 526 | _aSEG54 | ||
| 526 | _aSEG53 | ||
| 526 | _aSEG52 | ||
| 526 | _aSEG51 | ||
| 526 | _aSEG50 | ||
| 526 | _aSEG49 | ||
| 526 | _aSEG48 | ||
| 526 | _aSEG47 | ||
| 526 | _aSEG46 | ||
| 526 | _aSEG24 | ||
| 526 | _aSEG23 | ||
| 526 | _aSEG22 | ||
| 526 | _aSEG21 | ||
| 526 | _aSEG20 | ||
| 526 | _aSEG19 | ||
| 526 | _aSEG18 | ||
| 526 | _aSEG17 | ||
| 526 | _aSEG16 | ||
| 526 | _aSEG14 | ||
| 526 | _aSEG13 | ||
| 526 | _aSEG12 | ||
| 526 | _aSEG11 | ||
| 526 | _aSEG10 | ||
| 526 | _aSEG09 | ||
| 526 | _aSEG06 | ||
| 526 | _aSEG05 | ||
| 526 | _aSEG04 | ||
| 526 | _aSEG03 | ||
| 526 | _aSEG02 | ||
| 526 | _aSEG68 | ||
| 526 | _aSEG66 | ||
| 526 | _aSEG45 | ||
| 526 | _aSEG25 | ||
| 526 | _aSEG01 | ||
| 526 | _aP163 | ||
| 526 | _aP162 | ||
| 526 | _aP161 | ||
| 526 | _aP160 | ||
| 526 | _aP159 | ||
| 526 | _aP158 | ||
| 526 | _aP157 | ||
| 526 | _aP156 | ||
| 526 | _aP155 | ||
| 526 | _aP154 | ||
| 526 | _aP153 | ||
| 526 | _aP152 | ||
| 526 | _aP151 | ||
| 526 | _aP150 | ||
| 526 | _aP149 | ||
| 526 | _aP142 | ||
| 526 | _aP141 | ||
| 526 | _aP140 | ||
| 526 | _aP139 | ||
| 526 | _aP138 | ||
| 526 | _aP137 | ||
| 526 | _aP132 | ||
| 526 | _aP131 | ||
| 526 | _aP130 | ||
| 526 | _aP126 | ||
| 526 | _aP125 | ||
| 526 | _aP124 | ||
| 526 | _aP123 | ||
| 526 | _aP115 | ||
| 526 | _aP122 | ||
| 526 | _aP121 | ||
| 526 | _aP116 | ||
| 526 | _a P114 | ||
| 526 | _aP112 | ||
| 526 | _aP111 | ||
| 526 | _aP104 | ||
| 526 | _aP103 | ||
| 526 | _aP102 | ||
| 526 | _aP101 | ||
| 526 | _aP100 | ||
| 526 | _aP96 | ||
| 526 | _aP95 | ||
| 526 | _aP93 | ||
| 526 | _aP92 | ||
| 526 | _aP91 | ||
| 526 | _aP88 | ||
| 526 | _aP83 | ||
| 526 | _aP82 | ||
| 526 | _aP79 | ||
| 526 | _aP78 | ||
| 526 | _aP75 | ||
| 526 | _aP74 | ||
| 526 | _aP71 | ||
| 526 | _aP69 | ||
| 526 | _a P51 | ||
| 526 | _aP49 | ||
| 526 | _aP48 | ||
| 526 | _aP47 | ||
| 526 | _aP33 | ||
| 526 | _aP31 | ||
| 526 | _a P30 | ||
| 526 | _aP29 | ||
| 526 | _aP27 | ||
| 526 | _aP26 | ||
| 526 | _aP25 | ||
| 526 | _aP24 | ||
| 526 | _a P22 | ||
| 526 | _aP10 | ||
| 526 | _aP09 | ||
| 526 | _a P08 | ||
| 526 | _aP06 | ||
| 526 | _aP05 | ||
| 526 | _aP04 | ||
| 526 | _aP01 | ||
| 541 | _g043-0014556; | ||
| 541 | _g043-0014561; | ||
| 596 | _a1 2 3 | ||
| 650 | 7 |
_aContabilidad _vNormas. _2embne |
|
| 700 | 1 |
_aMallo Rodríguez, Carlos, _ecolaborador. |
|
| 910 |
_ardg _bjck _crdg _d20150818 |
||
| 910 |
_tqv _d20180208 |
||
| 942 |
_2ddc _cBOOK |
||
| 994 |
_aC0 _bPEPRU |
||
| 949 |
_a657 P95 2014 _wDEWEY _c1 _iFJ10171 _d2018-3-28 _f2018-2-12 _g1 _lCCODEBUJ1 _mBUJ _p32.00 _q2 _r0 _sY _tBOOK _u2015-11-27 _xFCE _PP08 _0COMPRA _o.STAFF. Colección General Juliaca |
||
| 949 |
_a657.028 P95 2014 _wDEWEY _c1 _iFT02889 _d2018-6-1 _e2018-5-30 _lCCODEBUT1 _mBUT _n2 _p32.22 _r0 _sY _tBOOK _u2015-9-21 _xFCE _PP08 _0COMPRA _o.STAFF. Colección General |
||
| 949 |
_a657.028 P95 _wDEWEY _c1 _i71413 _d2018-4-18 _e2016-5-31 _f2018-2-12 _g3 _lCCODEBUL1 _mBUL _n4 _p32.20 _q2 _r0 _sY _tBOOK _u2015-8-11 _xFCE _PP08 _0COMPRA _o.STAFF. Colección General |
||
| 999 |
_a657.028 P95 _wDEWEY _c6718 _i71413 _d6718 _e2019-3-19 _f2021-11-5 _g6 _lCCODEBUL1 _mBUL _n5 _p32.20 _q2 _r0 _sY _tBOOK _u2015-8-11 _xFCE _PP08 _0COMPRA _o.STAFF. Colección General |
||
| 999 |
_a657.028 P95 2014 _wDEWEY _c1 _iFT02889 _d2019-5-23 _e2019-5-23 _f2019-2-20 _g1 _lCCODEBUT1 _mBUT _n3 _p32.22 _r0 _sY _tBOOK _u2015-9-21 _xFCE _PP08 _0COMPRA _o.STAFF. Colección General |
||
| 999 |
_a657 P95 2014 _wDEWEY _c1 _iFJ10171 _d2019-10-1 _f2022-1-26 _g4 _lCCODEBUJ1 _mBUJ _p32.00 _q3 _r0 _sY _tBOOK _u2015-11-27 _xFCE _PP08 _0COMPRA _o.STAFF. Colección General Juliaca |
||
| 980 |
_81 _gALBERTO SANCHEZ Responsable de Automatización |
||